[Event "Moscow Open A 2015"]
[Site "Moscow RUS"]
[Date "2015.02.04"]
[Round "5.25"]
[White "Sadikhov, Ulvi"]
[Black "Khairullin, Ildar"]
[Result "0-1"]
[WhiteTitle "FM"]
[BlackTitle "GM"]
[WhiteElo "2414"]
[BlackElo "2629"]
[WhiteFideId "13401416"]
[BlackFideId "4151348"]
[EventDate "2015.01.31"]

1. e4 c6 2. c4 e5 3. Nf3 d6 4. d4 Nd7 5. Nc3 Ngf6 6. Be2 Be7 7. O-O O-O 8. Re1
Re8 9. Bf1 Bf8 10. h3 a6 11. a3 exd4 12. Nxd4 Nc5 13. f3 a5 14. b3 g6 15. Be3
Nh5 16. g4 Ng7 17. Qc2 Nge6 18. Nde2 h5 19. Bg2 hxg4 20. hxg4 Qh4 21. b4 Nd7 22.
Rf1 Ne5 23. Na4 axb4 24. axb4 Bh6 25. Bxh6 Qxh6 26. Qc1 Ng5 27. c5 dxc5 28. bxc5
Be6 29. Nb6 Rxa1 30. Qxa1 Bxg4 31. Qc3 Bh3 32. Nf4 Qh4 33. Nxh3 Nxh3+ 34. Bxh3
Qxh3 35. Rf2 Rd8 0-1

[Event "Moscow Open A 2015"]
[Site "Moscow RUS"]
[Date "2015.02.04"]
[Round "5.26"]
[White "Simonian, Tigran"]
[Black "Ponkratov, Pavel"]
[Result "0-1"]
[WhiteTitle "IM"]
[BlackTitle "GM"]
[WhiteElo "2412"]
[BlackElo "2620"]
[WhiteFideId "13303597"]
[BlackFideId "4157800"]
[EventDate "2015.01.31"]

1. c4 e5 2. Nc3 Nf6 3. g3 d5 4. cxd5 Nxd5 5. Bg2 Nb6 6. Nf3 Nc6 7. d3 Be7 8. O-O
g5 9. a3 g4 10. Nd2 h5 11. b4 h4 12. Re1 hxg3 13. hxg3 Be6 14. Nb3 a5 15. Bxc6+
bxc6 16. Nxa5 c5 17. Bd2 Qd7 18. Kg2 c4 19. Rh1 O-O-O 20. Rxh8 Rxh8 21. dxc4 f5
22. Be3 Bd6 23. c5 Nd5 24. Ne4 Qh7 25. Qh1 Nxe3+ 26. fxe3 Bd5 0-1

[Event "Moscow Open A 2015"]
[Site "Moscow RUS"]
[Date "2015.02.04"]
[Round "5.27"]
[White "Naumkin, Igor"]
[Black "Goganov, Aleksey"]
[Result "1/2-1/2"]
[WhiteTitle "GM"]
[BlackTitle "GM"]
[WhiteElo "2408"]
[BlackElo "2615"]
[WhiteFideId "4101715"]
[BlackFideId "24109959"]
[EventDate "2015.01.31"]

1. d4 Nf6 2. c4 c5 3. d5 b5 4. Nf3 g6 5. cxb5 a6 6. b6 d6 7. Nc3 Nbd7 8. e4 Bg7
9. Be2 O-O 10. O-O Rb8 11. h3 Nxb6 12. Bf4 Nfd7 13. Qd2 f5 14. Bh6 fxe4 15. Nxe4
Nf6 16. Nxf6+ Rxf6 17. b3 Bxh6 18. Qxh6 Qf8 19. Qd2 Bb7 20. Bc4 Rf5 21. Nh2 Bxd5
22. Bxa6 Rf4 23. Ng4 Be6 24. Be2 Rd4 25. Qe3 Bd7 26. Qg5 Bc6 27. Rae1 Kh8 28. f4
Rd5 29. Qh4 Rh5 30. Qg3 Rf5 31. Bd3 Qg7 32. Bxf5 gxf5 33. Qh4 Nd5 34. Nh6 Nxf4
35. Nf7+ Qxf7 36. Qxf4 Rg8 37. Rf2 e5 38. Qxf5 Rxg2+ 39. Kf1 Qxf5 40. Rxf5 Rxa2
41. Re3 Ra8 42. Rg3 e4 43. Rf7 d5 44. Rgg7 Ra1+ 45. Kf2 d4 46. Rxh7+ 1/2-1/2

[Event "Moscow Open A 2015"]
[Site "Moscow RUS"]
[Date "2015.02.04"]
[Round "5.28"]
[White "Demchenko, Anton"]
[Black "Kezin, Roman"]
[Result "1/2-1/2"]
[WhiteTitle "GM"]
[BlackTitle "FM"]
[WhiteElo "2611"]
[BlackElo "2408"]
[WhiteFideId "4160258"]
[BlackFideId "24124621"]
[EventDate "2015.01.31"]

1. e4 c5 2. Nf3 e6 3. d4 cxd4 4. Nxd4 Nc6 5. Nc3 Qc7 6. Be3 a6 7. Qf3 b5 8. Qg3
Qxg3 9. hxg3 Bb7 10. f3 Bc5 11. Rd1 Nxd4 12. Bxd4 Bxd4 13. Rxd4 Ne7 14. a4 Nc6
15. Rd2 b4 16. Nd1 Ke7 17. Ne3 d6 18. Be2 h6 19. Kf2 Rhd8 20. Rhd1 Na5 21. Rh1
Rd7 22. Rh5 Nc6 23. Nc4 Rad8 24. Ne3 Rc7 25. Rd3 Ne5 26. Rb3 a5 27. c3 bxc3 28.
bxc3 Rdc8 29. Rb5 Ra8 30. f4 Nd7 31. Bf3 Nf6 32. Rh4 Nxe4+ 33. Ke1 Nc5 34. f5
Bxf3 35. gxf3 Nd3+ 36. Ke2 Rxc3 37. Rb7+ Kf8 38. fxe6 fxe6 39. Rg4 g5 40. f4
Nc1+ 41. Kf3 d5 42. fxg5 hxg5 43. Rxg5 d4 44. Rh5 Rxe3+ 1/2-1/2

[Event "Moscow Open A 2015"]
[Site "Moscow RUS"]
[Date "2015.02.04"]
[Round "5.29"]
[White "Schroeder, Jan-Christian"]
[Black "Fier, Alexandr"]
[Result "0-1"]
[WhiteTitle "FM"]
[BlackTitle "GM"]
[WhiteElo "2405"]
[BlackElo "2604"]
[WhiteFideId "24662259"]
[BlackFideId "2107139"]
[EventDate "2015.01.31"]

1. e4 c5 2. Nf3 e6 3. g3 Nc6 4. Bg2 Nf6 5. Qe2 Be7 6. O-O d5 7. d3 b6 8. Re1 Bb7
9. h4 h6 10. e5 Nd7 11. c4 dxc4 12. dxc4 g5 13. hxg5 hxg5 14. g4 Nd4 15. Nxd4
Bxg2 16. Nxe6 Bb7 17. Ng7+ Kf8 18. Nh5 Qc8 19. f3 Qc6 20. Nd2 Re8 21. b3 Bd6 22.
Bb2 Bxe5 23. Bxe5 Nxe5 24. Ne4 f5 25. Nxg5 Rg8 26. Qd2 Rxg5 27. Rxe5 Rxg4+ 0-1

[Event "Moscow Open A 2015"]
[Site "Moscow RUS"]
[Date "2015.02.04"]
[Round "5.30"]
[White "Savchenko, Boris"]
[Black "Ali, Muhammad Lutfi"]
[Result "1/2-1/2"]
[WhiteTitle "GM"]
[BlackTitle "FM"]
[WhiteElo "2599"]
[BlackElo "2404"]
[WhiteFideId "4147332"]
[BlackFideId "7103743"]
[EventDate "2015.01.31"]

1. e4 c5 2. Nf3 g6 3. d4 cxd4 4. Nxd4 Nc6 5. Nc3 Bg7 6. Be3 Nf6 7. Bc4 O-O 8.
Bb3 d6 9. f3 Bd7 10. Qd2 Nxd4 11. Bxd4 b5 12. h4 a5 13. a4 bxa4 14. Nxa4 h5 15.
Ra3 Rb8 16. Ke2 Bb5+ 17. Kf2 Nd7 18. Bxg7 Kxg7 19. Nc3 Bc6 20. Rha1 Nc5 21. Bd5
Bxd5 22. Nxd5 e6 23. Qc3+ Kh6 24. Ne3 Qxh4+ 25. Ke2 Rfc8 26. Qd2 Kh7 27. Qxd6
Rxb2 28. Qe5 Rb4 29. Rxa5 Nxe4 30. fxe4 Rxe4 31. Qg5 Rxc2+ 32. Kd1 Qxg5 33. Rxg5
Rf2 34. Rg3 f5 35. Ke1 Rb2 36. Kf1 h4 37. Rf3 g5 38. Nxf5 exf5 39. Rxf5 Kg6 40.
Rf2 Rxf2+ 41. Kxf2 Rb4 42. Ra8 Kf5 43. Ra5+ Kf4 44. Ra2 Rb1 45. Ra4+ Kf5 46.
Ra5+ Kg4 47. Ra4+ Kf5 48. Ra5+ Kg6 49. Ra6+ Kh5 50. Ra2 Rc1 51. Rb2 Rd1 52. Ra2
Rd5 53. Ra8 Kg4 54. Ra4+ Kf5 55. Ra8 Rc5 56. Rf8+ Kg4 57. Ra8 Re5 58. Ra4+ Kf5
59. g3 h3 60. g4+ Ke6 61. Ra6+ Kd5 62. Rh6 1/2-1/2

[Event "Moscow Open A 2015"]
[Site "Moscow RUS"]
[Date "2015.02.04"]
[Round "5.31"]
[White "Svetlov, Dmitry"]
[Black "Kazhgaleyev, Murtas"]
[Result "0-1"]
[WhiteTitle "FM"]
[BlackTitle "GM"]
[WhiteElo "2396"]
[BlackElo "2573"]
[WhiteFideId "24102610"]
[BlackFideId "13700316"]
[EventDate "2015.01.31"]

1. Nf3 e6 2. c4 Nf6 3. g3 d5 4. Bg2 Nbd7 5. O-O dxc4 6. Qa4 c5 7. Qxc4 b6 8. d4
Bb7 9. Nc3 Rc8 10. Rd1 a6 11. dxc5 Bxc5 12. Qf4 Qe7 13. Be3 O-O 14. Bxc5 Nxc5
15. Ne5 b5 16. Bxb7 Qxb7 17. Rd4 a5 18. Qf3 b4 19. Qxb7 Nxb7 20. Na4 Rc2 21. Kf1
Nd5 22. Rc4 Rc8 23. Rxc2 Rxc2 24. Ke1 f6 25. Nd3 Kf7 26. e4 Ne7 27. Kd1 Rc4 28.
f3 Nd6 29. Rc1 Nc6 30. Rxc4 Nxc4 31. b3 Nd6 32. Kd2 g5 33. Ke3 e5 34. Nb6 Nb5
35. Nd5 Ne7 36. Nxe7 Kxe7 37. Nc5 Nc3 38. Nb7 Nxa2 39. Nxa5 Kd6 40. Kd3 Kc5 41.
Nb7+ Kc6 42. Nd8+ Kd7 43. Nf7 Nc1+ 44. Kc4 Ne2 45. Nh6 Ng1 46. Kxb4 Nxf3 47. Kc5
Ke6 48. b4 Nd2 49. b5 Nxe4+ 50. Kc6 Nd6 51. b6 Nc4 52. Kc5 Nxb6 53. Kxb6 e4 54.
g4 Ke5 55. Kc5 e3 56. Nf5 e2 57. Nd4 e1=N 58. h3 Nd3+ 59. Kc4 Nf2 60. Nc6+ Kd6
61. Nd8 Nxh3 62. Kd4 Ke7 63. Nc6+ Kd7 64. Nb8+ Ke6 65. Ke4 Nf2+ 66. Kf3 Nd3 67.
Na6 f5 68. Ke3 Ne5 69. gxf5+ Kxf5 70. Nc7 h5 71. Nd5 h4 72. Kf2 Nd3+ 73. Kg1 g4
74. Ne3+ Kf4 75. Ng2+ Kg5 76. Ne3 h3 77. Kh2 Kf4 78. Nf1 Nc5 79. Ng3 Ne4 80.
Ne2+ Kg5 81. Nd4 Nd6 82. Ne2 Nf5 83. Ng1 Kh4 84. Ne2 g3+ 85. Kh1 Kg4 86. Ng1 Nd4
87. Ne2 g2+ 0-1

[Event "Moscow Open A 2015"]
[Site "Moscow RUS"]
[Date "2015.02.04"]
[Round "5.32"]
[White "Gevorgyan, David"]
[Black "Rozum, Ivan"]
[Result "0-1"]
[BlackTitle "GM"]
[WhiteElo "2395"]
[BlackElo "2554"]
[WhiteFideId "13303244"]
[BlackFideId "24104272"]
[EventDate "2015.01.31"]

1. d4 Nf6 2. c4 e6 3. Nc3 Bb4 4. Nf3 O-O 5. e3 d5 6. Bd3 c5 7. O-O Nc6 8. a3
Bxc3 9. bxc3 dxc4 10. Bxc4 Qc7 11. Qe2 e5 12. Nxe5 Nxe5 13. dxe5 Qxe5 14. f3 Be6
15. Rb1 b6 16. Bxe6 Qxe6 17. c4 Rad8 18. Bb2 Rd6 19. Rbd1 Rfd8 20. e4 Ne8 21.
Rxd6 Qxd6 22. e5 Qd2 23. Qxd2 Rxd2 24. Rf2 Rd1+ 25. Rf1 Rd3 26. f4 f5 27. exf6
gxf6 28. f5 Kf7 29. Re1 h5 30. h3 Rb3 31. Re2 Ng7 32. Rf2 h4 33. Kh2 Nxf5 34.
Rxf5 Rxb2 35. Rh5 Kg6 36. Rxh4 f5 37. Rf4 Kg5 38. Rf3 Rc2 39. h4+ Kxh4 40. Rxf5
Rxc4 41. Rf3 Kg5 42. Kg1 b5 43. Rf7 a5 44. Rb7 b4 45. Rb5 Kf4 46. Rxa5 b3 47.
Rb5 Rc1+ 48. Kh2 c4 49. a4 Ke4 50. g4 Rc2+ 51. Kg3 b2 52. Kh4 c3 53. g5 Rc1 54.
g6 b1=Q 55. g7 Rh1+ 0-1

[Event "Moscow Open A 2015"]
[Site "Moscow RUS"]
[Date "2015.02.04"]
[Round "5.33"]
[White "Ozolin, Maxim"]
[Black "Kryakvin, Dmitry"]
[Result "1/2-1/2"]
[WhiteTitle "IM"]
[BlackTitle "GM"]
[WhiteElo "2394"]
[BlackElo "2548"]
[WhiteFideId "4133340"]
[BlackFideId "4153278"]
[EventDate "2015.01.31"]

1. e4 c6 2. d4 d5 3. Nd2 dxe4 4. Nxe4 Bf5 5. Ng3 Bg6 6. h4 h6 7. Nf3 Nd7 8. h5
Bh7 9. Bd3 Bxd3 10. Qxd3 e6 11. Bd2 Ngf6 12. O-O-O Be7 13. Kb1 O-O 14. Ne4 Qb6
15. Nxf6+ Nxf6 16. Qe2 Qb5 17. c4 Qf5+ 18. Ka1 Rfd8 19. Be3 Ng4 20. Bc1 Rd7 21.
Nh4 Bxh4 22. Rxh4 Nf6 23. g4 Qa5 24. Rhh1 Rad8 25. Bd2 Qc7 26. g5 Rxd4 27. gxf6
Qd6 28. Rdg1 Rxd2 29. Qg4 Kf8 30. Qxg7+ Ke8 31. Qxh6 Rd1+ 32. Rxd1 Qxd1+ 33. Qc1
Qxc1+ 34. Rxc1 Rd4 35. Rh1 Kf8 36. h6 Kg8 37. Rg1+ Kh8 38. h7 Rh4 39. Rg8+ Kxh7
40. Rg7+ Kh8 41. Kb1 Rh7 42. Rg3 Rh6 43. Rb3 b6 44. Ra3 Rxf6 45. Rxa7 Rxf2 46.
Rb7 f5 47. a4 Rf1+ 48. Ka2 Rc1 49. Rxb6 f4 50. Rb3 Rxc4 51. a5 Ra4+ 52. Ra3 Rd4
53. a6 Rd8 54. a7 Ra8 55. Kb1 Kg7 56. Kc2 Kf6 57. Kd3 Kf5 58. b4 e5 59. Ra5 f3
60. Ke3 Kg4 61. Ra2 Kg3 62. Rf2 e4 63. Ra2 Kg4 64. Kxe4 Kg3 65. Ra3 Kg4 1/2-1/2

[Event "Moscow Open A 2015"]
[Site "Moscow RUS"]
[Date "2015.02.04"]
[Round "5.34"]
[White "Megaranto, Susanto"]
[Black "Khanin, Semen"]
[Result "1/2-1/2"]
[WhiteTitle "GM"]
[WhiteElo "2548"]
[BlackElo "2387"]
[WhiteFideId "7101384"]
[BlackFideId "4111990"]
[EventDate "2015.01.31"]

1. d4 Nf6 2. Bg5 g6 3. Bxf6 exf6 4. e3 d5 5. Nf3 Bd6 6. g3 O-O 7. Bg2 Nd7 8. O-O
f5 9. Nbd2 b6 10. c4 Bb7 11. Rc1 c5 12. dxc5 Bxc5 13. Qa4 dxc4 14. Nxc4 Qe7 15.
Rfd1 Rfd8 16. a3 a6 17. Qc2 Be4 18. Qe2 b5 19. Na5 Rac8 20. Nd2 Bxg2 21. Kxg2
Ne5 22. Nf3 Rxd1 23. Qxd1 Rd8 24. Qe2 Bb6 25. Nc6 Nxc6 26. Rxc6 Rd6 27. Qc2 Qe6
28. Rxd6 Qxd6 29. Qc8+ Bd8 30. Nd4 Kg7 31. Qc6 Qxc6+ 32. Nxc6 Bf6 33. b3 Bb2 34.
a4 bxa4 35. bxa4 Kf6 36. Kf3 Ke6 37. Nd8+ Ke7 38. Nb7 Kd7 39. Ke2 Kc6 40. Nd8+
Kc5 41. Nxf7 Kb4 42. Kd3 a5 43. f3 Kxa4 44. e4 fxe4+ 45. fxe4 Kb3 46. e5 a4 47.
e6 Bf6 48. Nd6 Kb2 49. Ke4 Be7 50. Nb5 1/2-1/2

[Event "Moscow Open A 2015"]
[Site "Moscow RUS"]
[Date "2015.02.04"]
[Round "5.35"]
[White "Martirosyan, Haik M."]
[Black "Pavlov, Sergey2"]
[Result "0-1"]
[WhiteTitle "FM"]
[BlackTitle "IM"]
[WhiteElo "2389"]
[BlackElo "2493"]
[WhiteFideId "13306553"]
[BlackFideId "14114330"]
[EventDate "2015.01.31"]

1. d4 Nf6 2. c4 e6 3. Nc3 Bb4 4. Qc2 O-O 5. a3 Bxc3+ 6. Qxc3 Qe8 7. Nf3 b6 8. g3
Bb7 9. Bg2 a5 10. b3 d6 11. Bb2 a4 12. b4 b5 13. c5 Be4 14. O-O Nd5 15. Qd2 f5
16. Rfe1 Nd7 17. Nh4 Bxg2 18. Nxg2 N5f6 19. Qd3 c6 20. cxd6 Ne4 21. Rac1 Nb6 22.
f3 Nxd6 23. e4 fxe4 24. fxe4 Ndc4 25. Ba1 Rd8 26. Qc3 Qg6 27. Nh4 Qg4 28. Kg2
Rf7 29. h3 Qg5 30. Nf3 Qh6 31. Rc2 Rdf8 32. Rf2 Nd2 33. Qxd2 Rxf3 34. Ree2 Qxd2
35. Rxd2 Rxf2+ 36. Rxf2 Rxf2+ 37. Kxf2 Nc4 38. Ke2 Kf7 39. Kd3 Nxa3 40. Bc3 g6
41. Be1 Nc4 42. e5 g5 43. Bd2 Nxd2 44. Kxd2 0-1

[Event "Moscow Open A 2015"]
[Site "Moscow RUS"]
[Date "2015.02.04"]
[Round "5.36"]
[White "Vlassov, Nikolai"]
[Black "Gorozhanin, Mikhail"]
[Result "1/2-1/2"]
[WhiteTitle "IM"]
[BlackTitle "FM"]
[WhiteElo "2493"]
[BlackElo "2370"]
[WhiteFideId "4103360"]
[BlackFideId "4178262"]
[EventDate "2015.01.31"]

1. e4 e6 2. d4 d5 3. exd5 exd5 4. Nf3 Bd6 5. c4 c6 6. Bd3 dxc4 7. Bxc4 Nf6 8.
O-O O-O 9. Nc3 Nbd7 10. Bg5 Nb6 11. Bb3 Bf5 12. Re1 h6 13. Bh4 a5 14. Ne5 Bxe5
15. dxe5 Qxd1 16. Raxd1 Nfd7 17. Ne4 a4 18. Bc2 Nxe5 19. Nf6+ gxf6 20. Bxf5 Kg7
21. Rd6 Nd5 22. Bxf6+ Nxf6 23. Rxe5 Rfd8 24. Rd3 Rxd3 25. Bxd3 a3 26. bxa3 Rxa3
27. Bc4 Rc3 28. Bf1 Nd5 29. g3 b5 30. Bxb5 f6 31. Rh5 Kg6 32. Be2 Ra3 33. Rh4
Rxa2 34. Bd3+ Kg7 35. Rg4+ Kf7 36. Bg6+ Kf8 37. Re4 Ne7 38. Bh5 Ra5 39. Bf3 Kf7
40. Kg2 f5 41. Rd4 c5 42. Rd6 c4 43. Rxh6 c3 44. Bh5+ Kg8 45. Bd1 Ra2 46. Bb3+
Kf8 47. Rf6+ Ke8 48. Bf7+ Kd7 49. Be6+ Kc7 50. Bxa2 c2 51. Re6 c1=Q 52. Rxe7+
Kd6 53. Re6+ Kd7 54. Bd5 f4 55. Re2 fxg3 56. hxg3 Kd6 57. Bf3 Qg5 58. Re4 Qd2
59. Re3 Qd4 60. g4 Qf4 61. Re4 Qc1 62. Kg3 Qd2 63. Be2 Qe1 64. Kg2 Qb1 65. Re3
Qb7+ 66. Kg3 Qh1 67. Bf3 Qb1 68. Bg2 Qc1 69. Rd3+ Ke5 70. Rf3 Ke6 71. Rf5 Qc7+
72. f4 Qc3+ 73. Kh2 Qd2 74. Re5+ Kf6 75. Kg3 Qd7 76. g5+ Kg6 77. Rd5 Qe7 78. Kg4
Qb4 79. Re5 Qd4 80. Be4+ Kf7 81. Bd5+ Kg6 82. Re6+ Kf7 83. Re5+ Kg6 84. Kg3 Qg1+
85. Bg2 Qd4 86. Re6+ Kf7 87. Re4 Qd3+ 88. Bf3 Kg6 89. Re7 Kf5 90. Rd7 Qe3 91.
Rd5+ Kg6 92. Rd6+ Kg7 93. Rc6 Qg1+ 94. Kh4 Qf2+ 95. Kg4 Qd4 96. Rc1 Kg6 97. Rd1
Qb4 98. Be2 Qa4 99. Rd6+ Kg7 100. Bd3 Qd1+ 101. Kf5 Qa4 102. Be4 Qb5+ 103. Kg4
Qe2+ 104. Bf3 Qe7 105. Rb6 Qd7+ 106. Kh4 Qd4 107. Rb7+ Kh8 108. Rf7 Kg8 109. g6
Qf2+ 110. Kg4 Qg1+ 111. Kh5 Qh2+ 112. Kg5 Qg1+ 113. Bg4 Qc5+ 114. Kh6 Qd6 115.
Bh3 Qd8 116. Bg4 Qd6 117. Bf3 Qd8 118. Kh5 Qd3 119. Bg4 Qd5+ 120. Rf5 Qh1+ 121.
Kg5 Qg1 122. Re5 Qd4 123. Re8+ Kg7 124. Re7+ Kf8 125. Rd7 Qe3 126. Rc7 Kg8 127.
Rf7 Qc5+ 128. Kh6 Qd6 129. Bd7 Qd5 130. Re7 Qh1+ 131. Kg5 Qg1+ 132. Kf5 Qc5+
133. Re5 Qd6 134. Be6+ Kg7 135. Rd5 Qf8+ 136. Bf7 Qe7 137. Re5 Qd7+ 138. Kg5
Qd8+ 139. Kf5 Qd7+ 140. Ke4 Qc6+ 141. Rd5 Qc4+ 142. Ke5 Qc7+ 143. Rd6 Qe7+ 144.
Kd5 Qe3 1/2-1/2

[Event "Moscow Open A 2015"]
[Site "Moscow RUS"]
[Date "2015.02.04"]
[Round "5.37"]
[White "Firat, Burak"]
[Black "Kholopov, Alexander A."]
[Result "1-0"]
[WhiteTitle "IM"]
[BlackTitle "FM"]
[WhiteElo "2486"]
[BlackElo "2334"]
[WhiteFideId "6305881"]
[BlackFideId "4148100"]
[EventDate "2015.01.31"]

1. e4 e5 2. Nf3 Nc6 3. Bb5 Bc5 4. d3 Nd4 5. Bc4 Qf6 6. Nxd4 Bxd4 7. O-O Ne7 8.
Nd2 d6 9. c3 Bb6 10. Bb3 a6 11. Nc4 Ba7 12. Be3 O-O 13. Qh5 h6 14. Bxa7 Rxa7 15.
Rad1 Ng6 16. g3 Ra8 17. Ne3 Be6 18. Nd5 Bxd5 19. Bxd5 c6 20. Bb3 Qg5 21. Qf3 a5
22. a4 Rab8 23. Bc4 Kh8 24. Qg2 f5 25. h4 Qf6 26. Qh3 Rbd8 27. exf5 Qxf5 28.
Qxf5 Rxf5 29. Be6 Rf6 30. Bh3 Ne7 31. Rfe1 Nd5 32. d4 Re8 33. dxe5 dxe5 34. Re4
Rd6 35. Rde1 Nb6 36. Rxe5 Rxe5 37. Rxe5 Nxa4 38. Re8+ Kh7 39. h5 Rf6 40. Bg2 Nc5
41. b4 axb4 42. cxb4 Re6 43. Rb8 Re1+ 44. Bf1 Nd7 45. Rxb7 Nf6 46. Kg2 Kg8 47.
Bc4+ Kf8 48. Rf7+ Ke8 49. Rxg7 Re4 50. Bd3 Rxb4 51. Rc7 Rb6 52. Rc8+ Ke7 53. Bg6
Ng4 54. Bf5 Ne5 55. g4 Kf6 56. Rg8 c5 57. f4 Rb2+ 58. Kf1 Nc4 59. Rg6+ Ke7 60.
Ke1 Nd2 61. Rxh6 Nf3+ 62. Kd1 c4 63. Re6+ Kf8 64. Bg6 Rh2 65. Re3 Rh1+ 66. Kc2
Ne1+ 67. Kc3 Ng2 68. Re4 Rh3+ 69. Kd4 c3 70. f5 c2 71. Re8+ Kg7 72. g5 Rh4+ 73.
Ke5 Rxh5 74. Re7+ Kf8 75. Kf6 1-0

[Event "Moscow Open A 2015"]
[Site "Moscow RUS"]
[Date "2015.02.04"]
[Round "5.38"]
[White "Sorokin, Aleksey"]
[Black "Ulko, Jaroslav"]
[Result "1/2-1/2"]
[WhiteTitle "FM"]
[BlackTitle "IM"]
[WhiteElo "2379"]
[BlackElo "2482"]
[WhiteFideId "24176460"]
[BlackFideId "4116658"]
[EventDate "2015.01.31"]

1. d4 Nf6 2. c4 e6 3. Nf3 b6 4. a3 Bb7 5. Nc3 g6 6. Bg5 Bg7 7. e4 h6 8. Bxf6
Qxf6 9. Be2 Nc6 10. d5 Nd4 11. Nxd4 Qxd4 12. Qc2 c6 13. Rd1 Qe5 14. dxe6 dxe6
15. O-O Qc5 16. b4 Qe7 17. f4 a5 18. e5 axb4 19. axb4 Qxb4 20. Ne4 O-O 21. Rd7
Bc8 22. Rc7 Rd8 23. h4 Rd7 24. Rxd7 Bxd7 25. h5 g5 26. Qd3 Qa3 27. Qxa3 Rxa3 28.
Rd1 Ra7 29. g3 gxf4 30. gxf4 f5 31. exf6 Bf8 32. Rb1 b5 33. cxb5 cxb5 34. Bxb5
Rb7 35. Bd3 Rxb1+ 36. Bxb1 Kf7 37. Kf2 Bb4 38. Ke3 Bc6 39. Ba2 Bxe4 40. Kxe4
Kxf6 1/2-1/2

[Event "Moscow Open A 2015"]
[Site "Moscow RUS"]
[Date "2015.02.04"]
[Round "5.39"]
[White "Baghdasaryan, Vahe"]
[Black "Swayams, Mishra"]
[Result "1-0"]
[WhiteTitle "IM"]
[BlackTitle "IM"]
[WhiteElo "2372"]
[BlackElo "2480"]
[WhiteFideId "13303139"]
[BlackFideId "5028183"]
[EventDate "2015.01.31"]

1. c4 b6 2. Nc3 Bb7 3. e4 e6 4. d3 g6 5. h4 h5 6. Bg5 f6 7. Be3 Bh6 8. Qd2 Qe7
9. d4 Bxe3 10. Qxe3 d6 11. Nh3 Nd7 12. Nf4 Nf8 13. c5 dxc5 14. dxc5 Qxc5 15.
Qxc5 bxc5 16. Bb5+ Ke7 17. O-O-O Nh6 18. Nd3 c6 19. Bc4 Nd7 20. Na4 Nb6 21. Nxb6
axb6 22. Nf4 Rhg8 23. Bxe6 Rgd8 24. Bb3 Kf8 25. Ne6+ Ke7 26. Nxd8 Rxd8 27. Rxd8
Kxd8 28. Rh3 Ke7 29. Rg3 Ng4 30. f3 Ne5 31. f4 Ng4 32. Bd1 Nf2 33. Rxg6 Kf7 34.
f5 Bc8 35. Bb3+ Ke7 36. Bc2 Ba6 37. Kd2 Kf7 38. e5 fxe5 39. Rxc6 Bc4 40. Rxb6
Bd5 41. a4 1-0

[Event "Moscow Open A 2015"]
[Site "Moscow RUS"]
[Date "2015.02.04"]
[Round "5.40"]
[White "Yandemirov, Valeri"]
[Black "Gordievsky, Dmitry"]
[Result "1/2-1/2"]
[WhiteTitle "GM"]
[BlackTitle "FM"]
[WhiteElo "2365"]
[BlackElo "2479"]
[WhiteFideId "4102622"]
[BlackFideId "24112798"]
[EventDate "2015.01.31"]

1. e4 c5 2. Nf3 Nc6 3. Bb5 d6 4. Bxc6+ bxc6 5. O-O Bg4 6. c3 Nf6 7. Re1 Nd7 8.
h3 Bh5 9. d4 e6 10. Be3 cxd4 11. cxd4 Be7 12. Nbd2 O-O 13. Qa4 c5 14. dxc5 Nxc5
15. Bxc5 dxc5 16. Re3 Bg5 17. Nxg5 Qxd2 18. Qa3 Rab8 19. Qxc5 Qxb2 20. Qc3 Rfc8
21. Qxb2 Rxb2 22. Rb3 Re2 23. Kf1 Rd2 24. Nf3 Bxf3 25. Rxf3 f6 26. g3 Rc7 27. a3
e5 28. Rb1 Kf7 29. Rb5 Ke6 30. Ra5 Kd7 31. Rb3 Kc8 32. g4 Rcc2 33. Rf3 Rc7 34.
g5 Rd6 35. gxf6 gxf6 36. Rd5 Rcd7 37. Rxd6 Rxd6 38. Rf5 Kc7 39. Rh5 Rd7 40. Rf5
Rd6 1/2-1/2

[Event "Moscow Open A 2015"]
[Site "Moscow RUS"]
[Date "2015.02.04"]
[Round "5.41"]
[White "Khegay, Dmitriy"]
[Black "Wan, Yunguo"]
[Result "1/2-1/2"]
[WhiteTitle "FM"]
[BlackTitle "IM"]
[WhiteElo "2370"]
[BlackElo "2472"]
[WhiteFideId "24153729"]
[BlackFideId "8603189"]
[EventDate "2015.01.31"]

1. e4 c5 2. Nf3 Nc6 3. Bb5 g6 4. O-O Bg7 5. Re1 Nf6 6. e5 Nd5 7. Nc3 Nc7 8. Bxc6
dxc6 9. Ne4 Ne6 10. d3 O-O 11. Be3 b6 12. Qd2 f5 13. exf6 exf6 14. Bh6 a5 15.
Bxg7 Kxg7 16. Re2 Ra7 17. Rae1 g5 18. Ng3 Nf4 19. Re4 h6 20. h4 Raf7 21. Rxf4
gxf4 22. Qxf4 Re8 23. Re4 Rxe4 24. dxe4 Qc7 25. Qe3 Qd6 26. h5 Kh7 27. c3 Bg4
28. Nh4 Rd7 29. Ng6 Kg7 30. e5 Qe6 31. Qf4 Bxh5 32. Nxh5+ Kxg6 33. Nxf6 Rd1+ 34.
Kh2 Qf5 35. Qe3 Qd3 36. Qf4 Qf5 37. Qe3 h5 38. Ng8 Kg7 39. Nf6 Rd3 40. Qe2 h4
41. Nh5+ Kf8 42. c4 a4 43. e6 Ke7 44. Ng7 Qf4+ 45. Kh1 Rd2 46. Qh5 Kd6 47. e7
Rxf2 48. Qg6+ Kxe7 49. Qe8+ Kd6 50. Qb8+ 1/2-1/2

[Event "Moscow Open A 2015"]
[Site "Moscow RUS"]
[Date "2015.02.04"]
[Round "5.42"]
[White "Zaitsev, Alexander"]
[Black "Esipenko, Andrey"]
[Result "0-1"]
[WhiteTitle "IM"]
[BlackTitle "FM"]
[WhiteElo "2472"]
[BlackElo "2271"]
[WhiteFideId "4164490"]
[BlackFideId "24175439"]
[EventDate "2015.01.31"]

1. e4 c6 2. Nc3 d5 3. Nf3 Bg4 4. h3 Bxf3 5. Qxf3 Nf6 6. d3 e6 7. Bd2 Bb4 8. a3
Ba5 9. e5 d4 10. exf6 dxc3 11. bxc3 Qxf6 12. Qxf6 gxf6 13. Rb1 Bb6 14. g3 Nd7
15. Bg2 O-O-O 16. Ke2 f5 17. Rb2 f6 18. Rhb1 Ne5 19. a4 Rd7 20. c4 Bc5 21. Bc3
Rf8 22. Ba5 Rg8 23. Kf1 b6 24. Bc3 Kc7 25. a5 f4 26. gxf4 Ng6 27. Bd2 e5 28.
axb6+ axb6 29. Be3 Nxf4 30. Bxc5 bxc5 31. Be4 Kd6 32. Rb7 Rgg7 33. Rxd7+ Rxd7
34. h4 h5 35. Rb6 Rc7 36. Ke1 Ne6 37. Rb8 Ra7 38. Rb6 Nd4 39. c3 Ra1+ 40. Kd2
Ra2+ 41. Ke1 Ra1+ 42. Kd2 Ra2+ 43. Ke1 Kc7 44. Rb1 Ne2 45. Rb3 Nf4 46. Rb1 Nh3
47. Bf5 Nxf2 48. Kf1 Nh1 49. Kg1 Ng3 50. Bh3 Rd2 51. Ra1 Rxd3 52. Ra7+ Kb6 53.
Rf7 e4 54. Rxf6 e3 55. Re6 Rd1+ 56. Kg2 e2 0-1

[Event "Moscow Open A 2015"]
[Site "Moscow RUS"]
[Date "2015.02.04"]
[Round "5.43"]
[White "Kotenko, Pavel"]
[Black "Yilmazyerli, Mert"]
[Result "1/2-1/2"]
[WhiteTitle "IM"]
[BlackTitle "IM"]
[WhiteElo "2359"]
[BlackElo "2465"]
[WhiteFideId "4130219"]
[BlackFideId "6305962"]
[EventDate "2015.01.31"]

1. e4 g6 2. d4 Bg7 3. Nc3 d6 4. f4 Nf6 5. Bd3 O-O 6. Nf3 Nc6 7. Be3 e5 8. fxe5
dxe5 9. d5 Nd4 10. Nxe5 Nxd5 11. Bxd4 Nf4 12. Ne2 Nxe2 13. Bxe2 Qe7 14. Nxg6
fxg6 15. Bxg7 Qh4+ 16. g3 Qxe4 17. Qd4 Re8 18. O-O Qxd4+ 19. Bxd4 Rxe2 20. Rae1
Rxe1 21. Rxe1 Kf7 22. Kf2 Be6 23. Kg1 Bc8 24. Kf2 Be6 25. Kg1 Bc8 1/2-1/2